000 00887cam a2200229 4500
008 031201n2003 000 0 eng u
020 _a0566080079
035 _a(Sirsi) u124539
041 _aeng
050 _a658.4
_c18
100 _aMoxon, Peter
245 _aBuilding a better team
_ba handbook for managers and facilitators
260 _aAldershot
_bGower
_c2003
300 _axx, 186p
_c25cm.
350 _a21
520 _aThis is a practical handbook for anyone wanting to set up and run successful teambuilding programmes with working teams. Describes how groups develop, how trust and openness can be encouraged and the likely problems overcome. Includes a series of activities, each with full guidance on how and when to use.
650 _aTEAM BUILDING
650 _aTEAMBUILDING
650 _aTEAMWORK
690 _aMANAGEMENT-BUSINESS MANAGEMENT
942 _n0
999 _c103243
_d103243